| 000 | 00608nam a2200193 a 4500 | ||
|---|---|---|---|
| 005 | 20240919063754.0 | ||
| 008 | 040115s2001 mx r 000 0 spa d | ||
| 020 | _a9707011351 | ||
| 035 | _aUPN01000131293 | ||
| 049 | _aCG | ||
| 050 | 4 |
_aHC133 _bJ4.7 |
|
| 100 | 1 | _aJeannot, Fernando | |
| 245 | 1 | 4 |
_aLas reformas económicas en México : _bel desafío de la competitividad / _cFernando Jeannot. |
| 260 |
_aMéxico : _bUAM-Azcapotzalco : _bM. A. Porrúa, _c2001. |
||
| 300 | _a588 p. | ||
| 651 | 4 |
_aMéxico _xPolítica económica _97138 |
|
| 651 | 4 |
_aMéxico _xCondiciones económicas _95661 |
|
| 905 | _aLibro | ||
| 999 |
_c103448 _d103448 |
||